000 00340 a2200157 4500
001 190504
020 _a978-0-521-68327-2
040 _cMagnum
100 _aCampbell, Colin
240 1 0 _aWhat a lottery!
_lING
245 1 0 _aWhat a lottery!
300 _a32
362 0 _a2006
697 _aLITERATURA JUVENIL ESTRANGEIRA
942 _cBK
999 _c190504
_d190504